000 00345nam a2200121 i 4500
001 bg
245 0 _aOchrona środowiska naturalnego :
_bI polsko - NRD-owska konferencja, Szklarska Poręba, 18-20 pażdziernika 1979.
260 _aWrocław,
_c1977.
040 _cBPK
041 _apol
942 _cKS
008 s pl f |000 0 pol
999 _c17240
_d17240
856 _uhttp://koha.tu.koszalin.pl/cgi-bin/koha/opac-detail.pl?biblionumber=17240
_yKatalog online BPK